00750cam a2200241Ia 450000100090000000300060000900500170001500800410003202000150007302000180008803500200010604000580012608200170018410000300020124500690023125000120030026000550031230000220036733600260038933700280041533800270044360000380047019379684OCoLC20181219122724.0890317s1983 oku 000 0 eng d a0892760141 a9780892760145 a(OCoLC)19379684 aTLCbengcTLCdYDXCPdOCLCGdOCLCQdOCLCFdOCLCQdBSC a232.8bH145P1 aHagin, Kenneth E.,d1917-14aThe present-day ministry of Jesus Christ /cby Kenneth E. Hagin. a2nd ed. aTulsa, Okla. :bKenneth Hagin Ministries,c©1983. a30 pages ;c22 cm atextbtxt2rdacontent aunmediatedbn2rdamedia avolumebnc2rdacarrier00aJesus ChristxPerson and offices.